000 00473cam a2200157 4500500
005 20251012032639.0
041 _afre
042 _adc
100 1 0 _aFrederico Schmidt, Augusto
_eauthor
700 1 0 _a Le Moing, Monique
_eauthor
245 0 0 _aA partida/Le départ
260 _c2009.
500 _a7
786 0 _nSigila | 23 | 1 | 2009-06-20 | p. 202-205 | 1286-1715
856 4 1 _uhttps://shs.cairn.info/revue-sigila-2009-1-page-202?lang=fr&redirect-ssocas=7080
999 _c1547926
_d1547926